Pokémon - Attacken von Rihornior in SD/LP - Statistiken

Allgemein
  • Dieses Quiz wurde 2 mal gespielt
  • Das Durchschnittsergebnis liegt bei 31 aus 73
Antwortstatistiken
Antwort % Korrekt
Donner
100%
Donnerblitz
100%
Erdbeben
100%
Hornattacke
100%
Hornbohrer
100%
Angeberei
50%
Anziehung
50%
Blizzard
50%
Bodycheck
50%
Dampfwalze
50%
Delegator
50%
Donnerzahn
50%
Doppelteam
50%
Drachenpuls
50%
Drachenstoß
50%
Dunkelklaue
50%
Eisenschweif
50%
Eisstrahl
50%
Eiszahn
50%
Erholung
50%
Fassade
50%
Felsgrab
50%
Felswerfer
50%
Felswurf
50%
Feuersturm
50%
Feuerzahn
50%
Flammenwurf
50%
Fluch
50%
Fokusstoß
50%
Gifthieb
50%
Grimasse
50%
Hammerarm
50%
Hyperstrahl
50%
Kraxler
50%
Lichtkanone
50%
Power-Punch
50%
Raub
50%
Regentanz
50%
Rutenschlag
50%
Sandsturm
50%
Schädelwumme
50%
Schaufler
50%
Schlafrede
50%
Schockwelle
50%
Schutzschild
50%
Sonnentag
50%
Stampfer
50%
Stärke
50%
Steinhagel
50%
Steinkante
50%
Steinpolitur
50%
Surfer
50%
Tackle
50%
Tarnsteine
50%
Vielender
50%
Zerschneider
50%
Zertrümmerer
50%
Ausdauer
0%
Brüller
0%
Durchbruch
0%
Gegenschlag
0%
Gegenstoß
0%
Gigastoß
0%
Katapult
0%
Knirscher
0%
Konter
0%
Lawine
0%
Metallstoß
0%
Schlagbohrer
0%
Schleuder
0%
Schutzteiler
0%
Schwerttanz
0%
Zermalmklaue
0%
Keine übereinstimmenden Quizze gefunden
Verteilung der Resultate
Anzahl Personen mit jedem Resultat
Perzentil nach korrekt beantworteten Fragen
Ihre Resultats-Entwicklung
Sie haben dieses Quiz noch nicht gespielt